000 00493nam a22001817a 4500
003 OSt
005 20210427063126.0
008 210312s ||||| |||| 00| 0 eng d
040 _aeng
_beng
_cDLC
041 _aeng
080 _a94 (479.22)
_bI-69
245 _aIntroducing You to Soviet Georgia
_c/ by: Intourist
260 _bIntourist
300 _a133 p.
_bill.
650 0 _9240
_aHistory of Georgia
653 _aსაქართველოს ისტორია
942 _2udc
_cBK
999 _c2195
_d2195